<?xml version="1.0" encoding="UTF-8"?>
<record
    xmlns:xsi="http://www.w3.org/2001/XMLSchema-instance"
    xsi:schemaLocation="http://www.loc.gov/MARC21/slim http://www.loc.gov/standards/marcxml/schema/MARC21slim.xsd"
    xmlns="http://www.loc.gov/MARC21/slim">

  <leader>01850nam0a2200373   4500</leader>
  <controlfield tag="001">RU\NLR\BIBL_A\011549085</controlfield>
  <controlfield tag="005">20171219111821.0</controlfield>
  <datafield tag="010" ind1=" " ind2=" ">
    <subfield code="a">978-5-17-104753-5</subfield>
    <subfield code="9">3000</subfield>
  </datafield>
  <datafield tag="021" ind1=" " ind2=" ">
    <subfield code="a">RU</subfield>
    <subfield code="b">&#x41A;&#x41D;-&#x41F;-21-025782</subfield>
    <subfield code="9">&#x41A;&#x41D;-&#x41F;-21-1989</subfield>
  </datafield>
  <datafield tag="035" ind1=" " ind2=" ">
    <subfield code="a">(NLR Aleph) 011549085</subfield>
  </datafield>
  <datafield tag="035" ind1=" " ind2=" ">
    <subfield code="a">(RuMoRGB)009460035</subfield>
  </datafield>
  <datafield tag="090" ind1=" " ind2=" ">
    <subfield code="a">12235179</subfield>
    <subfield code="c">12235179</subfield>
  </datafield>
  <datafield tag="100" ind1=" " ind2=" ">
    <subfield code="a">20171207d2017    c  y0rusy50      ca</subfield>
  </datafield>
  <datafield tag="101" ind1="0" ind2=" ">
    <subfield code="a">rus</subfield>
  </datafield>
  <datafield tag="102" ind1=" " ind2=" ">
    <subfield code="a">RU</subfield>
  </datafield>
  <datafield tag="105" ind1=" " ind2=" ">
    <subfield code="a">a   z   000ay</subfield>
  </datafield>
  <datafield tag="200" ind1="1" ind2=" ">
    <subfield code="a">&#x414;&#x435;&#x442;&#x441;&#x442;&#x432;&#x43E; &#x41D;&#x438;&#x43A;&#x438;&#x442;&#x44B;</subfield>
    <subfield code="e">&#x441; &#x432;&#x43E;&#x43F;&#x440;&#x43E;&#x441;&#x430;&#x43C;&#x438; &#x438; &#x43E;&#x442;&#x432;&#x435;&#x442;&#x430;&#x43C;&#x438; &#x434;&#x43B;&#x44F; &#x43F;&#x43E;&#x447;&#x435;&#x43C;&#x443;&#x447;&#x435;&#x43A;</subfield>
    <subfield code="e">[&#x43F;&#x43E;&#x432;&#x435;&#x441;&#x442;&#x44C;</subfield>
    <subfield code="e">&#x434;&#x43B;&#x44F; &#x43C;&#x43B;&#x430;&#x434;&#x448;&#x435;&#x433;&#x43E; &#x438; &#x441;&#x440;&#x435;&#x434;&#x43D;&#x435;&#x433;&#x43E; &#x448;&#x43A;&#x43E;&#x43B;&#x44C;&#x43D;&#x43E;&#x433;&#x43E; &#x432;&#x43E;&#x437;&#x440;&#x430;&#x441;&#x442;&#x430;]</subfield>
    <subfield code="f">&#x410;. &#x422;&#x43E;&#x43B;&#x441;&#x442;&#x43E;&#x439;</subfield>
    <subfield code="g">[&#x43A;&#x43E;&#x43C;&#x43C;&#x435;&#x43D;&#x442;&#x430;&#x440;&#x438;&#x438; &#x431;&#x438;&#x43E;&#x43B;&#x43E;&#x433;&#x430; &#x415;&#x432;&#x433;&#x435;&#x43D;&#x438;&#x438; &#x412;&#x44F;&#x437;&#x43D;&#x438;&#x43A;&#x43E;&#x432;&#x43E;&#x439;</subfield>
    <subfield code="g">&#x445;&#x443;&#x434;&#x43E;&#x436;&#x43D;&#x438;&#x43A;&#x438; &#x413;&#x43E;&#x440;&#x434;&#x435;&#x435;&#x432;&#x430; &#x415;. &#x410;. &#x438; &#x434;&#x440;.]</subfield>
  </datafield>
  <datafield tag="210" ind1=" " ind2=" ">
    <subfield code="a">&#x41C;&#x43E;&#x441;&#x43A;&#x432;&#x430;</subfield>
    <subfield code="c">&#x410;&#x432;&#x430;&#x43D;&#x442;&#x430;</subfield>
    <subfield code="c">&#x410;&#x421;&#x422;</subfield>
    <subfield code="d">2017</subfield>
    <subfield code="d">(&#x43C;&#x430;&#x43A;&#x435;&#x442; 2018)</subfield>
  </datafield>
  <datafield tag="215" ind1=" " ind2=" ">
    <subfield code="a">186, [5] &#x441;.</subfield>
    <subfield code="c">&#x438;&#x43B;.</subfield>
    <subfield code="d">22</subfield>
  </datafield>
  <datafield tag="225" ind1="1" ind2=" ">
    <subfield code="a">&#x41B;&#x443;&#x447;&#x448;&#x438;&#x435; &#x440;&#x430;&#x441;&#x441;&#x43A;&#x430;&#x437;&#x44B; &#x43E; &#x436;&#x438;&#x432;&#x43E;&#x439; &#x43F;&#x440;&#x438;&#x440;&#x43E;&#x434;&#x435; &#x441; &#x432;&#x43E;&#x43F;&#x440;&#x43E;&#x441;&#x430;&#x43C;&#x438; &#x438; &#x43E;&#x442;&#x432;&#x435;&#x442;&#x430;&#x43C;&#x438; &#x434;&#x43B;&#x44F; &#x43F;&#x43E;&#x447;&#x435;&#x43C;&#x443;&#x447;&#x435;&#x43A;</subfield>
  </datafield>
  <datafield tag="225" ind1="1" ind2=" ">
    <subfield code="a">&#x421;&#x435;&#x440;&#x438;&#x44F; "&#x41B;&#x443;&#x447;&#x448;&#x438;&#x435; &#x440;&#x430;&#x441;&#x441;&#x43A;&#x430;&#x437;&#x44B; &#x43E; &#x436;&#x438;&#x432;&#x43E;&#x439; &#x43F;&#x440;&#x438;&#x440;&#x43E;&#x434;&#x435; &#x441; &#x432;&#x43E;&#x43F;&#x440;&#x43E;&#x441;&#x430;&#x43C;&#x438; &#x438; &#x43E;&#x442;&#x432;&#x435;&#x442;&#x430;&#x43C;&#x438; &#x434;&#x43B;&#x44F; &#x43F;&#x43E;&#x447;&#x435;&#x43C;&#x443;&#x447;&#x435;&#x43A;"</subfield>
  </datafield>
  <datafield tag="225" ind1="1" ind2=" ">
    <subfield code="a">&#x413;&#x43E;&#x441;&#x443;&#x434;&#x430;&#x440;&#x441;&#x442;&#x432;&#x435;&#x43D;&#x43D;&#x44B;&#x439; &#x431;&#x438;&#x43E;&#x43B;&#x43E;&#x433;&#x438;&#x447;&#x435;&#x441;&#x43A;&#x438;&#x439; &#x43C;&#x443;&#x437;&#x435;&#x439; &#x438;&#x43C;. &#x41A;.&#x410;. &#x422;&#x438;&#x43C;&#x438;&#x440;&#x44F;&#x437;&#x435;&#x432;&#x430; &#x440;&#x435;&#x43A;&#x43E;&#x43C;&#x435;&#x43D;&#x434;&#x443;&#x435;&#x442;</subfield>
  </datafield>
  <datafield tag="333" ind1=" " ind2=" ">
    <subfield code="a">0+</subfield>
  </datafield>
  <datafield tag="686" ind1=" " ind2=" ">
    <subfield code="a">&#x428;9(2)6=&#x420;72-471</subfield>
    <subfield code="2">rubbk</subfield>
  </datafield>
  <datafield tag="686" ind1="0" ind2=" ">
    <subfield code="a">&#x428;9(2)60=&#x420;7-4</subfield>
  </datafield>
  <datafield tag="686" ind1="0" ind2=" ">
    <subfield code="a">&#x428;9(2)62=&#x420;7-4</subfield>
  </datafield>
  <datafield tag="700" ind1=" " ind2="1">
    <subfield code="a">&#x422;&#x43E;&#x43B;&#x441;&#x442;&#x43E;&#x439;</subfield>
    <subfield code="b">&#x410;. &#x41D;.</subfield>
    <subfield code="f">1883-1945</subfield>
    <subfield code="g">&#x410;&#x43B;&#x435;&#x43A;&#x441;&#x435;&#x439; &#x41D;&#x438;&#x43A;&#x43E;&#x43B;&#x430;&#x435;&#x432;&#x438;&#x447;</subfield>
    <subfield code="3">RU\NLR\AUTH\771113</subfield>
  </datafield>
  <datafield tag="702" ind1=" " ind2="1">
    <subfield code="a">&#x413;&#x43E;&#x440;&#x434;&#x435;&#x435;&#x432;&#x430;</subfield>
    <subfield code="b">&#x415;. &#x410;.</subfield>
    <subfield code="g">&#x415;&#x43A;&#x430;&#x442;&#x435;&#x440;&#x438;&#x43D;&#x430; &#x410;&#x43B;&#x435;&#x43A;&#x441;&#x430;&#x43D;&#x434;&#x440;&#x43E;&#x432;&#x43D;&#x430;</subfield>
    <subfield code="4">440</subfield>
  </datafield>
  <datafield tag="942" ind1=" " ind2=" ">
    <subfield code="c">BOOK</subfield>
  </datafield>
  <datafield tag="980" ind1=" " ind2=" ">
    <subfield code="a">NB</subfield>
  </datafield>
  <datafield tag="995" ind1=" " ind2=" ">
    <subfield code="5">2017-12-07</subfield>
    <subfield code="a">ad</subfield>
    <subfield code="b">NLR01</subfield>
    <subfield code="c">NLR01</subfield>
    <subfield code="e">RF31</subfield>
    <subfield code="f">1-2087068</subfield>
    <subfield code="k">2017-5/9086</subfield>
    <subfield code="o">0</subfield>
    <subfield code="r">BOOK</subfield>
    <subfield code="s">201759086_</subfield>
  </datafield>
  <datafield tag="995" ind1=" " ind2=" ">
    <subfield code="5">2017-12-07</subfield>
    <subfield code="a">ad</subfield>
    <subfield code="b">NLR01</subfield>
    <subfield code="c">NLR01</subfield>
    <subfield code="e">OBM</subfield>
    <subfield code="f">1-2087069</subfield>
    <subfield code="o">0</subfield>
    <subfield code="p">85.00</subfield>
    <subfield code="r">BOOK</subfield>
  </datafield>
  <datafield tag="995" ind1=" " ind2=" ">
    <subfield code="5">2021-08-18</subfield>
    <subfield code="a">ad</subfield>
    <subfield code="b">NLR01</subfield>
    <subfield code="c">NLR01</subfield>
    <subfield code="e">OBM</subfield>
    <subfield code="f">1-3485953</subfield>
    <subfield code="o">0</subfield>
    <subfield code="r">BOOK</subfield>
    <subfield code="v">2021</subfield>
  </datafield>
  <datafield tag="995" ind1=" " ind2=" ">
    <subfield code="5">2021-08-18</subfield>
    <subfield code="a">ad</subfield>
    <subfield code="b">NLR01</subfield>
    <subfield code="c">NLR01</subfield>
    <subfield code="e">OBM</subfield>
    <subfield code="f">1-3485954</subfield>
    <subfield code="o">0</subfield>
    <subfield code="r">BOOK</subfield>
    <subfield code="v">2021</subfield>
  </datafield>
</record>
